| 000 | 00864cab a2200253 4500 | ||
|---|---|---|---|
| 001 | ABS46472 | ||
| 008 | 090401t1992 xxu||||| |||| 00| 0 eng d | ||
| 035 | _a(Sirsi) u58445 | ||
| 041 | _aeng | ||
| 100 | _aSteiner, M. | ||
| 245 | _aEmpty rate liability and the mortgagee | ||
| 260 | _c1992 | ||
| 350 | _a0 | ||
| 490 |
_aProperty Management _v10(2) Spring 1992, 94-99(3) |
||
| 520 | _aAnswers questions arising from the levying of uniform business rate on vacant premises, an issue which has grown more poignant with the present oversupply of commercial property leaving owners of unlet premises with an unlooked-for liability. | ||
| 650 | _aEMPTY PROPERTY | ||
| 650 | _aEMPTY RATES | ||
| 650 | _aLOCAL GOVERNMENT FINANCE ACT 1988 | ||
| 650 | _aUBR | ||
| 690 | _aRATING AND VALUATION | ||
| 700 | _aTurton, J. | ||
| 942 | _n0 | ||
| 948 | _c04/03/1997 | ||
| 999 |
_c35682 _d35682 |
||